000
00297 a2200157 4500
001
169997
020
_a
040
_c
Magnum
100
_a
Moreira, LĂșcia
240
1
0
_a
Partilha
_l
por
245
1
0
_a
Partilha
300
_a
115
362
0
_a
2000
697
_a
LITERATURA GERAL
942
_c
BK
999
_c
169997
_d
169997